Guess the Country it's In! - Statistics

General Stats
  • This quiz has been taken 45 times
  • The average score is 15 of 24
Answer Stats
Hints Country % Correct
The Great Wall of China China
100%
The Great Sphinx Egypt
100%
Eiffel Tower France
100%
Taj Mahal India
100%
Big Ben UK
100%
Statue of Liberty USA
100%
Mount Fuji Japan
97%
Leaning Tower of Pisa Italy
95%
Machu Picchu Peru
95%
Brandenburg Gate Germany
92%
Chichen Itza Mexico
87%
Museum Of Modern Art Of Algiers Algeria
85%
Nairobi National Museum Kenya
85%
The Wailing Wall Israel
77%
Serengeti National Park Tanzania
51%
Mount Eden Crater New Zealand
44%
Cotopaxi Ecuador
33%
Gullfoss Waterfalls Iceland
26%
Bran Castle Romania
23%
Tilicho Lake Nepal
21%
Dunn's River Falls Jamaica
18%
Minaret of Jam Afghanistan
8%
Mount Liamuiga St. Kitts
8%
Morne Watt Dominica
5%
No matching quizzes found
Score Distribution
Percent of People with Each Score
Percentile by Number Answered
Your Score History
You have not taken this quiz